000 00631nam a22002297a 4500
003 UA-OsUOA
001 28899
007 ta
008 20050512b un ||||| |||| 00| 0 ukr d
090 _a94(47+57)(092)
_bС56
942 _cBK
040 _aUA-OsUOA
_brus
_cUA-OsUOA
_dUA-OsUOA
245 _aСоветский союз глазами американцев. 1917-1977
_bДокументы и материалы
_cСост. И. М.Краснов
300 _a351 с.
955 _a0
041 _arus
080 _a94(47+57)(092)
260 _aМ.
_bМысль
_c1979
044 _aRU
650 7 _2UDC
999 _c315273
_d315273